Designing effective projects: decision options for maximizing learning and project success (Record no. 87567)

000 -LEADER
fixed length control field 01258pab a2200181 454500
008 - FIXED-LENGTH DATA ELEMENTS--GENERAL INFORMATION
fixed length control field 180718b2010 xxu||||| |||| 00| 0 eng d
100 ## - MAIN ENTRY--PERSONAL NAME
Personal name Volkema, Roger J.
245 ## - TITLE STATEMENT
Title Designing effective projects: decision options for maximizing learning and project success
260 ## - PUBLICATION, DISTRIBUTION, ETC.
Date of publication, distribution, etc. 2010
300 ## - PHYSICAL DESCRIPTION
Extent p.527-50.
362 ## - DATES OF PUBLICATION AND/OR SEQUENTIAL DESIGNATION
Dates of publication and/or sequential designation Aug
520 ## - SUMMARY, ETC.
Summary, etc. In recent years, more and more business schools have introduced team-based projects into their curricula as a means of addressing corporate, small business, and community-service issues while teaching students a variety of project management skills (technical and sociocultural). In designing a project-oriented course, an instructor has a number of options available with respect to project identification, project focus and scope, team size, composition and leadership, course content, content, delivery, and student project evaluation. This article discusses the advantages and disadvantages of these various options, as well as the factors that are most likely to moderate an instructor's choices in seeking to maxi mize student learning and project success. - Reproduced.
650 ## - SUBJECT ADDED ENTRY--TOPICAL TERM
Topical term or geographic name entry element Leadership
650 ## - SUBJECT ADDED ENTRY--TOPICAL TERM
Topical term or geographic name entry element Project management
773 ## - HOST ITEM ENTRY
Main entry heading Journal of Management Education
908 ## - PUT COMMAND PARAMETER (RLIN)
Put command parameter N
909 ## -
-- 87567
Holdings
Withdrawn status Lost status Damaged status Not for loan Permanent Location Current Location Date acquired Serial Enumeration / chronology Barcode Date last seen Price effective from Koha item type
        Indian Institute of Public Administration Indian Institute of Public Administration 2018-07-19 Volume no: 34, Issue no: 4 AR88027 2018-07-19 2018-07-19 Articles

Powered by Koha